| 000 | 01274nam0a22002891 4500 | ||
|---|---|---|---|
| 001 | rc\590352 | ||
| 005 | 20250621174525.0 | ||
| 035 | _a(NLR Aleph) 005835583 | ||
| 090 |
_a5624576 _c5624576 |
||
| 100 | _a20031121d1986 |||y0rusy50 ca | ||
| 101 | 0 | _arus | |
| 102 | _aRU | ||
| 105 | _aa ||||||||| | ||
| 200 | 1 |
_aОптимальные методы организации капитального ремонта магистральных газопроводов _f[Т.Н. Абасова, Н.Х. Халлыев, Т.Н. Шпагина] |
|
| 210 |
_aМ. _cВНИИЭгазпром _d1986 |
||
| 215 |
_a48 с., 1 л. схем. _cил. _d21 |
||
| 225 | 1 |
_aГазовая промышленность _iСерия "Транспорт и хранение газа" _eОбзор. информ. _fВНИИ экономики, орг. пр-ва и техн.-экон. информ. в газовой пром-сти _vВып. 1 |
|
| 300 | _aВ надзаг. также: М-во газовой пром-сти | ||
| 320 | _aБиблиогр.: с. 47-48 | ||
| 700 | 1 |
_aАбасова _bТ.Н. |
|
| 701 | 1 |
_aХаллыев _bН.Х. |
|
| 701 | 1 |
_aШпагина _bТ.Н. |
|
| 801 | 0 |
_aRU _bNLR _gpsbo |
|
| 801 | 1 |
_aRU _bELAR _2rusmarc |
|
| 852 |
_aNLR _jП22/4513 |
||
| 942 | _cBOOK | ||
| 980 | _aNB | ||